000 00951nam a2200241 a 4500
005 20240924064017.0
008 030409s2001 mx r 000 0 spa d
020 _a9582006196
035 _aUPN01000123718
049 _aCG
050 4 _aLB1028
_bM8.4
100 1 _aMuñoz Giraldo, José Federman
_941076
245 1 0 _aCompetencias investigativas para profesionales que forman y enseñan :
_b¿cómo desarrollarlas? /
_cJosé Federman Muñoz Giraldo, Josefina Quintero Corzo, Raúl Ancízar Munévar Molina.
260 _aBogotá :
_bMagisterio,
_c2001.
300 _a253 p.
440 0 _aAula abierta
590 _aTambién localizas un ejemplar en el "Área de Reserva"
590 _aBibliografía básica para el Programa de Maestría en Educación Básica, 2010 (BGTQ)
650 4 _aEducación
_xInvestigación
_94070
700 1 _aQuintero Corzo, Josefina,
_ecoaut.
700 1 _aMunévar Molina, Raúl Ancízar,
_ecoaut.
905 _aLibro
999 _c95897
_d95897